Diseño de un sistema semicontinuo de carbonización a nivel de planta piloto
Guardat en:
| Autor principal: | |
|---|---|
| Format: | Llibre |
| Publicat: |
[San José , Costa Rica]
1986
|
| Matèries: | |
| Etiquetes: |
Afegir etiqueta
Sense etiquetes, Sigues el primer a etiquetar aquest registre!
|
MARC
| LEADER | 00000nam a2200000Ia 4500 | ||
|---|---|---|---|
| 003 | 004265 | ||
| 005 | 20221231144351.0 | ||
| 008 | 140114s1986 cr a m 000 ||s d | ||
| 040 | |c cru CEDI | ||
| 090 | |a TFG 1923 | ||
| 100 | |a Chacón Vargas, Miguel Angel |9 13984 | ||
| 245 | |a Diseño de un sistema semicontinuo de carbonización a nivel de planta piloto | ||
| 260 | |c 1986 |a [San José , Costa Rica] | ||
| 300 | |a 84 hojas : ilustraciones (1 plegables) ; 27 cm | ||
| 500 | |a Proyecto de graduación (licenciatura en ingeniería química)--Universidad de Costa Rica. Facultad de Ingeniería. Escuela de Ingeniería Química | ||
| 650 | |x CARBONIZACION |9 13985 | ||
| 942 | |c TFG |2 ddc | ||
| 999 | |c 20820 |d 20820 | ||
